Can You Name Every YonKaGor Song? - Statistics

General Stats
  • This quiz has been taken 265 times
    144 since last reset
  • The average score is 20 of 26
Answer Stats
Year Released Answer % Correct
2024 Linger in the Rain
93%
2025 If I Were to Die
92%
2022 Top 10 Things to Do Before You Die
91%
2021 You'll Be Gone
87%
2024 Memory Merge
86%
2019 Paper Alibis
86%
2020 Circus Hop
85%
2024 Waterland
85%
2022 Fallacy
84%
2019 Silly Plans
82%
2021 You're Just Like Pop Music
82%
2019 Bitter and Blunt
81%
2019 I Forgot That You Exist
80%
2020 It's Normal
80%
2018 Another Mistake
79%
2020 Dandelion
78%
2018 Fish
76%
2023 Trash Talkin'
76%
2021 Good Morning, Mr. Sunfish!
74%
2019 You Made Me Fall in Love
74%
2021 See You!
68%
2023 Silly Plans ~ Revisit
67%
2025 INFAMOUS
66%
2018 Artificial Abandonment
62%
2023 Blue Bird
62%
2016 Baker's Dozen
44%
No matching quizzes found
Score Distribution
Percent of People with Each Score
Percentile by Number Answered
Your Score History
You have not taken this quiz since the last reset